000 00333nam a2200145Ia 4500
008 191201s2012 xx 000 0 und d
082 _a621.51
_bYAT
100 _aYAHYA, S M
245 0 _aTurbines Compressors and fans
250 _aRep
260 _aN.Delhi
_bTMH
_c2012
300 _a923
650 _aB.Tech(ME)
942 _2ddc
_cBK
999 _c5636
_d5636